000 00727nam a2200205Ia 4500
003 IN-BaIIA
008 211028s9999 xx 000 0 eng d
020 _a0-8243-0921-9
040 _cIIA Library
080 _a047.1:52
_bARA-21
245 0 _aAnnual review of astronomy and astrophysics
_bvol. 21
_cedited by Geoffrey Burbidge David Layzer and John G. Phillips
260 _aPalo Alto
_bAnnual Reviews
_c1983
300 _a482p.
650 _aAnnual Reviews-Astronomy and Astrophysics
_98535
650 _aAstronomy and Astrophysics Thesaurus
700 _aBurbidge, Geoffrey, ed.
700 _aLayzer, David, ed.
_94091
700 _aPhillips, John G., ed.
_95230
942 _cBK
999 _c7835
_d7835